000 05282nab a2200325 i 4500
003 BR-BrBNA
005 20231004111909.0
008 231004b2016 bl.qr|pooa||| 00| 0 por |
040 _aBR-BrBNA
_bpor
072 _aP33
072 _aK10
100 _aFeitosa, Keily Katiany Almeida
100 _aVale Júnior, José Frutuoso do
100 _aSchaefer, Carlos Ernesto Gonçalves Reynaud
100 _aSousa, Maria Ivonilde Leitão de
100 _aNascimento, Pedro Paulo Ramos Ribeiro
245 _aRelações solo–vegetação em “ilhas” florestais e savanas adjacentes, no nordeste de Roraima
500 _aPublicação on-line, 36 ref.; 4 tables; 1 illus.; Summaries (En, Pt)
520 _a RESUMO O estudo de solos em ilhas florestais inseridas em áreas de domínio de savanas é fundamental para compreender os processos de formação da paisagem. Este trabalho caracterizou propriedades morfológicas, físicas e químicas de solos em quatro fragmentos naturais de florestas de ocorrência no mosaico savanafloresta em Roraima, norte da Amazônia. O método consistiu em transectos atravessando as ilhas nos sentidos leste–oeste e norte–sul, onde foram abertas cinco trincheiras para a coleta de amostras e estudos de solos. Nas áreas de savana contíguas a cada ilha foram estabelecidos transectos de 100 m de comprimento e abertas cinco trincheiras equidistantes para caracterização química e física do solo comparativa. Os Latossolos foram as classes de solos predominantes nas quatro ilhas investigadas, seguida de Argissolos e Plintossolos, todos predominantemente oligotróficos (distróficos, de baixa CTC, ácidos). Condições químicas e físicas melhores foram verificadas nos solos das ilhas florestais em relação às áreas de savana circundantes, numa mesma classe de solo. Assim, embora a classe de solo não tenha variado entre diferentes fitofisionomias em um dado gradiente, características químicas e físicas específicas variaram e podem exercer influência positiva no estabelecimento de vegetação florestada. Embora florestas e savanas ocorram lado a lado, em mosaico, o clima atual com longa estação seca é concordante com a existência da savana em relevo plano e a ocorrência das ilhas florestais parece condicionada a variações físico-químicas sutis dos solos, sem necessidade de invocar uma relação com oscilações paleoclimáticas. Estudos mais aprofundados posteriores poderão testar a hipótese de contração ou expansão florestal durante o Quaternário, buscando evidências de que tais ilhas possam representar relíquias paleoclimáticas imersas em domínio savânico. Palavras-chave: mudanças climáticas e solos; solos da Amazônia; paleoecologia da Amazônia; ecologia de solos.
520 _a ABSTRACT Studies on soils of forest islands within the savanna domain are key for understanding processes of landscape formation and evolution. We characterized the morphological, physical and chemical properties of soils at four different forest fragments that occur in the savanna-forest mosaic of northeastern Roraima, north Amazonia. The methodology was based on transects crossing the entire island, from east-west and northsouth direction, digging up five soil profiles for sampling and classification. In addition, the neighboring savannas were also sampled following the same strategy, at 100 m long transects departing from the border, allowing comparisons to be made. Latosols were the dominant soil class in all four islands, followed by Ultisols and Plinthosols. All soils were dystric , with low CEC and acid. Better chemical and physical conditions were observed in forested soils compared with surrounding savannas, in a given soil class. Thus, in spite of no variation on soil class at different phytophysionomies at a given gradient, specific chemical and physical attributes were significantly varied, exerting a positive effect for the establishment of forest vegetation. Despite their occurrence side-by-side in the savanna- forest mosaic, the present –day climate agrees with the existence of savanna in the flat landforms, whereas forest islands are conditioned by subtle, yet significant, soil physico-chemical variations, with no need to invoke any paleoclimate for explaining this relationship. Further in depth studies may contribute for testing the hypothesis that Quaternary shifts of the expansion and contraction of forest may represent paleoclimate relicts isolated within the savanna domain. Keywords: climate changes and soils; amazon soils; amazon paleoecology; soil ecology
650 _aFLORESTA
650 _aAMAZÔNIA
650 _aMUDANÇA CLIMÁTICA
650 _aSOLO
650 _aECOLOGIA FLORESTAL
773 0 _04065
_9102038
_dSanta Maria-RS Universidade Federal de Santa Maria - Centro de Pesquisas Florestais.Departamento de Ciências Florestais. Programa de Pós-Graduação em Engenharia Florestal 1991
_o2023-436444
_tCiência Florestal (Brazil)
_x0103-9954; 1980-5098 (on-line)
_gv. 26(1) p. 135-146; (Jan-Mar 2016)
_wBR2023001159
856 _uhttps://www.scielo.br/j/cflo/a/ZHkHn6G4bp6gS7SrhFk873f/?format=pdf&lang=pt
942 _cAnalítica
999 _c86381
_d86381